| 000 | 00381 a2200145 4500 | ||
|---|---|---|---|
| 005 | 20250716144211.0 | ||
| 020 | _a978-81-259-2347-3 | ||
| 082 | _a331.714 DWI | ||
| 100 | _aDWIVEDI, N. D | ||
| 245 | _aManagerial Economics | ||
| 250 | _a7th Ed. | ||
| 260 |
_aNew Delhi _bVikas Publishing House PVT Ltd _c2015. |
||
| 300 |
_axxiv, 704p.: ill.; figures _bIndex _c24cm |
||
| 942 |
_2ddc _cBKS |
||
| 999 |
_c6739 _d6739 |
||